शून्य से गगन;संघर्ष की एक बेमिसाल गाथा/ (Record no. 201861)

MARC details
000 -LEADER
fixed length control field 00759nam a22002177a 4500
005 - DATE AND TIME OF LATEST TRANSACTION
control field 20240401165119.0
010 ## - LCCN (DPL NO)
LC control number HIN-127137
020 ## - INTERNATIONAL STANDARD BOOK NUMBER
International Standard Book Number 9789355434203
Terms of availability 250.00
035 ## - SYSTEM CONTROL NUMBER
System control number HN-99483
037 ## - SOURCE OF ACQUISITION
Source of stock number/acquisition DBAD/PUB.
082 ## - DEWEY DECIMAL CLASSIFICATION NUMBER
Classification number 920
100 ## - MAIN ENTRY--PERSONAL NAME
Personal name कोठरी,दीपक
245 ## - TITLE STATEMENT
Title शून्य से गगन;संघर्ष की एक बेमिसाल गाथा/
Statement of responsibility, etc दीपक कोठरी
250 ## - EDITION STATEMENT
Edition statement 1
260 ## - PUBLICATION, DISTRIBUTION, ETC. (IMPRINT)
Place of publication, distribution, etc Bhopal
Name of publisher, distributor, etc Manjul publishing house
Date of publication, distribution, etc 2023
270 ## - ADDRESS
Address 2nd floor usha preet complex 42 malviya nagar
City Bhopal
Postal code 462003
300 ## - PHYSICAL DESCRIPTION
Extent 213 पृ;
Dimensions 22 सेमी (अजिल्द)
700 ## - ADDED ENTRY--PERSONAL NAME
9 (RLIN) 63915
710 ## - ADDED ENTRY--CORPORATE NAME
9 (RLIN) 64107
942 ## - ADDED ENTRY ELEMENTS (KOHA)
Institution code [OBSOLETE] dpl
Item type Hindi Books
Source of classification or shelving scheme Dewey Decimal Classification
Classification part 158.1
Call number suffix कोठरी
Holdings
Withdrawn status Lost status Not for loan Collection code Home library Current library Date acquired Source of acquisition Cost, normal purchase price Full call number Barcode Copy number Cost, replacement price Koha item type
      Non-fiction Bawana Bawana 01/04/2024 DBAD/PUB 250.00 158.1 कोठरी HN-99483 1 250.00 Hindi Books

© Delhi Public Library
Hit Counter
free hit counter